| 000 | 00977nam a22002777a 4500 | ||
|---|---|---|---|
| 003 | dpl | ||
| 005 | 20170124105925.0 | ||
| 008 | 161212b xxu||||| |||| 00| 0 eng d | ||
| 010 | _a120238 | ||
| 020 | _c00.00 | ||
| 035 | _a120238 | ||
| 037 | _bCen Lib/Ret | ||
| 040 |
_aDPL _bEN _cTIT |
||
| 082 | _a028.9 | ||
| 100 |
_aSmith, Sheila Kaye _96241 |
||
| 245 |
_aAll the books of my life : _cby Sheila Kaye Smith _ba bibliography / |
||
| 246 | _b | ||
| 260 |
_bCassell and company _c00? _aLondon |
||
| 270 | _bLonon | ||
| 300 |
_a191p. _c21cm(Hb) |
||
| 650 |
_aLibrary science _vbibliography _96242 |
||
| 650 |
_aBibliography of books _96243 |
||
| 650 |
_aपुस्तकालय विज्ञान _vग्रंथ सूची _96244 |
||
| 650 |
_a पुस्तकों की ग्रंथ सूची _96245 |
||
| 942 |
_2ddc _cEN _h028.9 _mKAY |
||
| 999 |
_c123459 _d123459 |
||